000 00466nam a22001817a 4500
005 20230823165903.0
008 230823b ||||| |||| 00| 0 eng d
040 _aIN-DiNC
_cIN-DiNC
041 _dasm
082 _a613
_bAHM
100 _aAhmed, Rafique
_eauthor
245 _aSwasthya aru susthata/
_cby Rofique Ahmed
250 _a1st ed.
260 _aJorhat:
_bUnika prakashan,
_c2023.
300 _a136p.
650 _aHealth and wellness
942 _2ddc
_cBK
999 _c11588
_d11588